| 000 | 00403nab a2200133Ia 4500 | ||
|---|---|---|---|
| 003 | ES-SlBCS | ||
| 005 | 20210601125242.0 | ||
| 008 | 140529s1980 xxu||||| |||| 00| 0 eng d | ||
| 041 | _aeng | ||
| 100 | 1 |
_aArmstrong, A. Macc. _9151914 |
|
| 245 | 0 | 2 |
_aA Dialogue on Selfishness _c A. MacC. Armstrong |
| 773 | 0 |
_tPhilosophy and Phenomenological Research _gvol. 40, 1980, págs. 496-511 _wRev1411 |
|
| 942 | _cAR | ||
| 999 |
_c527263 _d527263 |
||